Statistics for Where do They Flow Into?

Click here to take the quiz!

General Stats

  • This quiz has been taken 17 times
  • The average score is 12 of 20

Answer Stats

HintAnswer% Correct
AmazonAtlantic Ocean
93%
MississippiGulf of Mexico
93%
NileMediterranean Sea
93%
TigrisPersian Gulf
93%
GangesBay of Bengal
86%
MekongSouth China Sea
86%
VolgaCaspian Sea
79%
DanubeBlack Sea
71%
YangtzeEast China Sea
71%
NigerGulf of Guinea
64%
RhineNorth Sea
64%
IndusArabian Sea
57%
YukonBering Sea
50%
ColoradoGulf of California
43%
IrrawaddyAndaman Sea
21%
Amu DaryaAral Sea
21%
ZambeziMozambique Channel
21%
ParanaRio de la Plata
21%
LenaLaptev Sea
14%
AmurSea of Okhotsk
14%

Score Distribution

Percentile by Number Answered

Percent of People with Each Score

Your Score History

You have not taken this quiz